Implementácia integrovaného manažérskeho systému v podnikovej praxi
Manažérstvo kvality - plánovanie kvality, riadenie kvality a zlepšovanie kvality. Náklady na kvalitu, náklady na environment, náklady na BOZP. Zavádzanie integrovaného manažérskeho systému vo vybranom podniku. Nedostatok ľudských zdrojov a nedostatok vládnej podpory.
Guardado en:
| Autor principal: | |
|---|---|
| Otros Autores: | |
| Formato: | Capítulo de libro |
| Lenguaje: | eslovaco |
| Materias: | |
| Etiquetas: |
Sin Etiquetas, Sea el primero en etiquetar este registro!
|
MARC
| LEADER | 00000nla a2200000 4500 | ||
|---|---|---|---|
| 001 | 0221185 | ||
| 005 | 20240502073632.2 | ||
| 041 | 0 | |a slo | |
| 044 | |a SK | ||
| 245 | 1 | 0 | |a Implementácia integrovaného manažérskeho systému v podnikovej praxi |c Zuzana Hajduová, Gabriel Herbrik |
| 520 | |a Manažérstvo kvality - plánovanie kvality, riadenie kvality a zlepšovanie kvality. Náklady na kvalitu, náklady na environment, náklady na BOZP. Zavádzanie integrovaného manažérskeho systému vo vybranom podniku. Nedostatok ľudských zdrojov a nedostatok vládnej podpory. | ||
| 610 | 2 | 0 | |a riadenie kvality |
| 610 | 2 | 0 | |a systémy integrované manažérske |
| 610 | 2 | 0 | |a náklady |
| 100 | 1 | |a Hajduová, Zuzana, 1974- | |
| 700 | 1 | |a Herbrik, Gabriel | |